LEADER 01431nam a2200289 i 4500 001 000000257473 003 CaOOAMICUS 005 20180228000000.0 008 180228s2011 it u000 u ita u 013 $a236381 020 $a978-88-7135-712-6 040 $aSeMil$bita 100 1 $aMartinelli, Paolo,$c.$0(OLS)http://semarc/name/23625 245 10$aMons. Luigi Padovese :$buomo di comunione : nessuno ha un amore pił grande di questo: dare la sua vita per i propri amici (Gv 15,13) /$cPaolo Martinelli. 260 $aGorle :$bVelar,$c2011. 300 $a47 p. :$bill. ;$c21 cm. 490 0 $aCollana blu "Messaggeri d'amore" protagonisti della fede ;$v253 500 $aOmaggio card. Dionigi Tettamanzi. 650 4$aPadovese, Luigi .$0(OLS)http://semarc/subject/6881 830 0$aCollana blu : messaggeri d'amore, protagonisti della fede ;$v253.$0(OLS)http://semarc/title/38058 850 $aSeMil 852 $aSeMil$W1$xVenegono$y1$m5B III 50/7$j207819$B207819$CSeMilBibl$Z2$F221767 $81 941 1 $a5 961 $aLascito: Tettamanzi Card. Dionigi 996 $6020$a978-88-7135-712-6$9(OLS)http://semarc/number/282258 996 $6245$aMons. Luigi Padovese :$buomo di comunione : nessuno ha un amore pił grande di questo: dare la sua vita per i propri amici (Gv 15,13)$9(OLS)http://semarc/title/412873 996 $6260$aGorle :$bVelar$9(OLS)http://semarc/publisher/33489 LEADER 01162nam a2200265 4500 001 000000355584 003 CaOOAMICUS 005 20231004102722.0 008 231004s2023 it 000 u ita r 020 $a978-88-6153-404-9 040 $aSeMil$bita 245 00$aGesł e le persone omosessuali /$c[a cura di] Paolo Rigliano ; interviste a F. Barbero ... [et al.]. 264 1$aMolfetta :$bLa Meridiana,$c2023. 300 $a245 p. ;$c21 cm 490 1 $aPaginealtre 650 4$aOmosessualitą - Atteggiamento [della] Chiesa cattolica.$0(OLS)http://semarc/subject/7370 700 1 $aRigliano, Paolo,$d<1958- >.$0(OLS)http://semarc/name/54732 700 1 $aBarbero, Franco,$d<1939- >.$0(OLS)http://semarc/name/25419 830 0$aPaginealtre.$0(OLS)http://semarc/title/7770 850 $aSeMil 852 $aSeMil$W1$xVenegono$y1$m2E II 375$j243639$B246839$CSeMilBibl$Z2$F246839 $81 996 $6020$a978-88-6153-404-9$9(OLS)http://semarc/number/299039 996 $6245$aGesł e le persone omosessuali$9(OLS)http://semarc/title/445809 996 $6264$aMolfetta :$bLa Meridiana$9(OLS)http://semarc/publisher/31537